01555nam a2200385 u 450000100070000000500170000700800410002403500110006504000130007604100080008908000080009708200080010510000520011324500910016526000430025630000180029950000610031750000910037865000400046965000390050965000340054865000320058265000570061465000350067165000430070670000520074970000550080170000600085670000470091694200100096399900190097350200120099252600080100495201570101288795720260506152528.0040831s2004 ||||||m| spa  a887957 ccomduadb aspa aEFP 4a33810aMartínez Arboleda, Mauricio4auteaut939361010aEstudio financiero y análisis de riesgo comercializadora de artesanías colombianas aMedellín :b[sin publicador],c2004. a109 páginas aNo tiene resumen, todo el contenido son tablas en Excel. aLocalización: Centro de Documentación CENDOI, 20 -146. Clasificación: EFP 00412. 7aArtesaníaszColombia2lemb942470 7aAnálisis económico2lemb91718 aViabilidad financiera9118454 aIndustria artesanal9107090 aComercializadora de Artesanías Colombianas9177433 aEvaluación financiera928661 7aEvaluación de riesgos2armarc91342610aLópez Tovar, Astrid Liliana4auteaut939554010aRojas Londoño, Gabriel Ignacio4thseths926059510aBustamante Álzate, Guillermo León4thseths953521310aVillegas Mejía, Silvio4thseths9476565 cTESIS c315967d315967 b189c17 a191 001040708TESISBCaBCbBCd2004-08-31eMaterial adquirido por donacióniC836251l0o338.514 M385p0547185r2023-04-25 00:00:00t1w2023-04-25yTESIS